[Event "Aimchess US Rapid Prelims 2021"]
[Site "Chess24"]
[Date "2021.08.25"]
[Round "11.1"]
[White "Aronian, Levon"]
[Black "Duda, Jan-Krzysztof"]
[Result "1/2-1/2"]
[WhiteElo "2782"]
[BlackElo "2738"]
[Annotator "TA"]
[PlyCount "121"]
[EventDate "2021.08.28"]
[EventType "tourn"]
[EventCountry "NET"]
[Tiebreak "Direct encounter+Number of wins+Koya"]
[SourceTitle "playchess.com"]
[Source "ChessBase"]
[SourceQuality "1"]

{[%evp 14,121,-16,-24,4,-15,0,0,0,0,0,0,0,0,13,-12,-13,-10,-9,-12,-8,-8,-19,
-27,-21,-20,0,0,0,0,0,0,0,0,0,0,0,0,0,0,0,-10,-6,-8,0,0,18,20,20,17,20,18,18,4,
20,18,20,20,27,27,24,26,35,8,8,8,25,0,0,0,5,0,0,0,0,0,0,0,0,0,0,0,0,0,0,0,0,0,
0,0,0,0,0,0,0,0,0,0,0,0,0,0,0,0,0,0,17,0,0,0]} 1. e4 e6 2. d4 d5 3. Nc3 Bb4 4.
e5 c5 5. Bd2 Ne7 6. Nb5 Bxd2+ 7. Qxd2 O-O 8. c3 Bd7 {C17: French: 3 Nc3 Bb4 4
e5 c5 sidelines.} 9. Nf3 Bxb5 10. Bxb5 Qb6 11. Bd3 cxd4 12. cxd4 Nbc6 13. O-O {
[#]} Qb4 $146 (13... Ng6 {looks sharper.} 14. Bc2 Rfc8 15. Bxg6 fxg6 16. Rac1
Rf8) ({Predecessor:} 13... Nb4 14. Bb1 h6 15. a3 Nbc6 16. Qd3 g6 17. Qd2 Kh7
18. h4 Nf5 19. Rd1 Na5 {0-1 (46) Perunovic,M-Akobian,V Bratislava 1993}) 14.
Rfd1 (14. Qe3 {seems wilder.} Na5 15. Rfb1 Rac8 16. b3 h6 17. h4) 14... Qxd2
15. Rxd2 Rfc8 16. Kf1 h6 17. h4 h5 18. Ke2 Nb4 19. Bb1 Rc7 20. a3 Nbc6 21. b4
b5 22. Bd3 a5 23. Rb1 axb4 24. axb4 Rb7 25. Rc2 Ra4 26. Rc5 Nxb4 27. Bxb5 Ra2+
28. Kf1 Na6 29. Rcc1 Nc7 30. Bd3 Raa7 31. g3 g6 32. Rxb7 Rxb7 33. Rc5 Kg7 34.
Ke2 Ra7 35. Ng5 Na8 36. Rb5 Nc7 37. Rb6 Na8 38. Ra6 (38. Rb1 {keeps more
tension.} Nc6 39. Ke3 Na5 40. Rb2 Nc6 41. f3) 38... Rxa6 39. Bxa6 $11 {[%mdl
4096] Endgame KBN-KNN} Nb6 40. Bb5 {Threatens to win with Be8.} Nf5 {The
position is equal.} 41. Kd3 Kf8 42. Kc3 Nc8 43. Nh7+ Kg7 44. Nf6 Nce7 45. Bd3
Kf8 46. Bc2 Kg7 47. Ba4 Kf8 48. Nh7+ Kg7 49. Ng5 Kf8 50. Bc2 Kg7 51. Nf3 (51.
Nh3 {feels hotter.} Kf8 52. Ng1 Kg8 53. Ne2 Nh6 54. Kd2) 51... Nh6 52. Ne1 Ng4
53. Nd3 Nf5 54. Bd1 Ngh6 55. Nc5 Ne7 56. Nd7 Nef5 57. Nf6 Kf8 58. Nh7+ Kg7 59.
Nf6 Kf8 60. Nh7+ Kg7 61. Nf6 {Not much happened in this game.  Weighted Error
Value: White=0.03/Black=0.03} 1/2-1/2

[Event "Aimchess US Rapid Prelims 2021"]
[Site "Chess24"]
[Date "2021.08.25"]
[Round "11.2"]
[White "Van Foreest, Jorden"]
[Black "Liang, Awonder"]
[Result "1-0"]
[WhiteElo "2698"]
[BlackElo "2587"]
[Annotator "TA"]
[PlyCount "99"]
[EventDate "2021.08.28"]
[EventType "tourn"]
[EventCountry "NET"]
[Tiebreak "Direct encounter+Number of wins+Koya"]
[SourceTitle "playchess.com"]
[Source "ChessBase"]
[SourceQuality "1"]

{[%evp 9,99,-20,-4,-29,-20,-58,-68,-69,-74,-72,-18,-44,31,28,73,91,72,60,55,57,
66,52,44,40,58,64,81,68,87,97,103,95,97,107,157,164,143,143,154,150,150,110,
216,217,206,208,252,259,283,286,598,598,598,598,591,595,591,591,572,519,574,
552,537,529,529,529,521,472,445,343,364,336,306,276,532,462,641,569,630,625,
687,662,600,519,1320,909,1431,883,29986,29987,29987,29988]} 1. d4 d5 2. c4 c6
3. Nf3 Nf6 4. Nc3 dxc4 5. e4 b5 $1 {[%cal Bb7b5,Bb5b4][%mdl 32]} 6. Be2 {
D15: Slav Defence: 4 Nc3 a6 and gambit lines after 4 Nc3 dxc4.} e6 7. a4 $5 {
[%mdl 4] Leaves trodden paths.} b4 {[%cal Rb4c3]} 8. e5 {Black is slightly
better.} bxc3 9. exf6 cxb2 10. fxg7 {[#]} Bxg7 $146 ({Inferior is} 10... bxc1=Q
11. gxh8=Q Qa5+ 12. Kf1 $16) (10... bxa1=Q $15 11. gxh8=Q Qa5+ 12. Nd2 c3) ({
Predecessor:} 10... bxa1=Q 11. gxh8=Q Qa5+ 12. Kf1 Q5xa4 13. Qxa4 Qxa4 14. g3
Nd7 15. Kg2 Bb7 16. Bf4 O-O-O 17. Qxh7 {1/2-1/2 (43) Halkias,S (2553)
-Heinemann,J (2255) Riga 2019}) 11. Bxb2 $14 Qa5+ {[#]} 12. Nd2 $1 Ba6 {
aiming for ...c3.} 13. Rc1 O-O 14. O-O Nd7 15. Bxc4 Bxc4 16. Nxc4 Qd5 17. Ne3
Qd6 18. Qf3 $36 {[%mdl 2048] White has some pressure.} Rac8 19. Nc4 Qd5 20. Ba3
Qxf3 21. gxf3 Rfd8 22. Be7 Bxd4 23. Bxd8 Rxd8 24. Na5 Ne5 25. f4 Bb6 26. fxe5
$18 Bxa5 27. Rxc6 {[%mdl 4096] Endgame KRR-KRB} Rd5 28. f4 Rd4 29. Kh1 Rxa4 $2
(29... h6 {is a better chance.} 30. f5 exf5 31. Rxh6 Bb6 32. Rxf5 Rxa4) 30. Ra6
Ra3 31. Rxa7 Bb4 32. Rg1+ Kf8 33. Rb7 Bc5 34. Rb8+ Ke7 35. Rc1 Ra5 36. Rc8 Bb6
37. Rb1 Bd8 38. Rd1 Bb6 39. Rd6 Be3 40. Rc7+ Ke8 41. Rc4 Ra2 $2 (41... Rc5 42.
Rxc5 Bxc5) 42. Rd3 Bf2 43. Rc8+ Ke7 44. Rb3 {[%cal Rb3b7] [#]} Ra7 45. Rh8 Be1
46. Rd3 {And now Rdd8 would win.} Ra4 (46... Ba5 $142 47. Kg2 Rb7 48. Rxh7 Kf8)
47. Rdd8 {[%csl Gd8][%cal Rh8e8]} f5 48. Rd1 Bf2 49. Rxh7+ Ke8 50. Rb1 {
[%cal Rb1b8] Weighted Error Value: White=0.11/Black=0.51} 1-0

[Event "Aimchess US Rapid Prelims 2021"]
[Site "Chess24"]
[Date "2021.08.25"]
[Round "11.3"]
[White "Carlsen, Magnus"]
[Black "Giri, Anish"]
[Result "1/2-1/2"]
[WhiteElo "2847"]
[BlackElo "2776"]
[Annotator "TA"]
[PlyCount "124"]
[EventDate "2021.08.28"]
[EventType "tourn"]
[EventCountry "NET"]
[Tiebreak "Direct encounter+Number of wins+Koya"]
[SourceTitle "playchess.com"]
[Source "ChessBase"]
[SourceQuality "1"]

{[%evp 9,123,0,8,0,0,0,0,0,0,0,31,17,9,16,9,7,16,12,25,7,0,0,0,0,2,0,0,0,6,0,
10,12,12,15,60,75,84,0,0,0,9,5,5,5,5,5,5,0,1,0,50,14,26,29,56,49,39,-87,-87,
-88,-88,-88,-88,-114,-111,-116,-116,-116,-115,-112,-95,-95,-95,-98,-101,-108,
-95,-98,0,0,0,0,0,-98,-98,-99,-99,-99,0,0,0,0,0,0,0,0,0,0,0,-28000,-28000,
-28000,-28000,-28000,-28000,-28000,-28000,-28000,-28000,-28000,-28000,-28000,
-28000,-28000,-28000,-28000]} 1. e4 c5 2. Nc3 Nc6 3. Nf3 g6 4. Bb5 Bg7 5. d3 (
5. O-O d6 6. Re1 Bd7 7. a4 Rc8 8. d3 Nf6 9. Nd5 O-O 10. Bg5 a6 11. Bxf6 exf6
12. Bc4 f5 13. c3 fxe4 14. dxe4 Na5 15. Qd3 {1-0 (29) Carlsen,M (2832)-Giri,A 
(2771) Stavanger 2017}) 5... d6 6. e5 {B30: Sicilian: 2...Nc6 3 Bb5, lines
without ...g6.} (6. O-O {is interesting.} Bd7 7. a4 Nf6 8. Re1 O-O 9. h3) 6...
dxe5 7. Bxc6+ bxc6 8. O-O {The position is equal.} c4 {[#]} 9. h3 $146 ({
Predecessor:} 9. Re1 Bg4 10. h3 Bxf3 11. Qxf3 Rc8 12. dxc4 Qc7 13. Bg5 Nf6 14.
Qe3 h6 15. Bh4 {1/2-1/2 (41) Gasanov,E (2454)-Askarian,K (2253) Kharkov 2002})
9... Be6 10. Re1 Qc7 11. Qe2 {[%cal Rf3e5]} cxd3 12. cxd3 {[%cal Rf3e5]} Nf6
13. Nxe5 O-O 14. Bf4 Qb7 15. Rac1 Nd5 16. Bg3 Nxc3 17. Rxc3 Bd5 18. d4 a5 19.
h4 Bxa2 20. Nxc6 e6 21. Be5 f6 22. Bd6 {Qc2 is the strong threat.} Rfe8 {[#]}
23. Ra1 ({White should try} 23. Ne7+ $1 $16 Kh8 24. Ra1) 23... Bd5 $11 24. Nxa5
Qa6 $36 {[%mdl 2048] Black has some pressure.} 25. Qxa6 Rxa6 26. Bc5 Rb8 27. b4
Bf8 28. Ra4 Bh6 29. Ra1 Raa8 {White should prevent ...Bd2.} 30. Rc2 Bf8 31. Rb2
Rb5 32. Nb3 Rab8 33. Ra5 (33. Ra4 $14) 33... Rxb4 $17 34. Bxb4 Rxb4 35. Rxd5
exd5 {[%mdl 4096] Endgame KRB-KRN} 36. g3 f5 37. Kf1 Bg7 38. Rb1 Kf7 39. Ke2 h5
40. Nd2 Rxb1 ({Reject} 40... Rxd4 $6 41. Rb7+ Kg8 42. Rb8+ Kh7 43. Nf3 $11) 41.
Nxb1 Bxd4 {KB-KN} 42. Nd2 f4 43. Kf3 fxg3 (43... Be5 $17 {And now ...fxg3
would win.} 44. g4 Bd6 45. gxh5 gxh5) 44. fxg3 $11 Bf6 45. Nb3 Ke6 {Threatens
to win with ...Ke5.} 46. Nc5+ (46. g4 $11 {remains equal.}) 46... Kf5 $17 47.
Nd3 Be5 48. Nf2 Ke6 (48... Bd6 $17 {White must now prevent ...Be5.} 49. Nd1 d4)
49. g4 $11 Bd6 50. gxh5 gxh5 51. Nd1 Ke5 {aiming for ...d4.} (51... d4 {
feels hotter.} 52. Ke4 Bc5 53. Nb2 Be7 54. Nd3 Bxh4) 52. Nc3 d4 (52... Be7 $5)
53. Nb5 Be7 54. Nxd4 Kxd4 {Mate.} 55. Kg2 Bxh4 56. Kh1 Bg5 57. Kg2 Ke4 58. Kh1
Kf3 59. Kg1 Kg3 60. Kh1 h4 61. Kg1 h3 62. Kh1 h2 {Weighted Error Value:
White=0.10/Black=0.06} 1/2-1/2

[Event "Aimchess US Rapid Prelims 2021"]
[Site "Chess24"]
[Date "2021.08.25"]
[Round "11.4"]
[White "So, Wesley"]
[Black "Artemiev, Vladislav"]
[Result "0-1"]
[WhiteElo "2772"]
[BlackElo "2704"]
[Annotator "TA"]
[PlyCount "76"]
[EventDate "2021.08.28"]
[EventType "tourn"]
[EventCountry "NET"]
[Tiebreak "Direct encounter+Number of wins+Koya"]
[SourceTitle "playchess.com"]
[Source "ChessBase"]
[SourceQuality "1"]

{[%evp 15,76,32,45,16,16,15,12,10,7,29,27,21,12,1,43,31,63,55,87,42,42,43,43,0,
0,0,47,47,47,49,58,59,58,54,62,59,66,18,25,25,26,0,37,34,34,11,29,-402,-409,
-408,-404,-391,-402,-489,-485,-721,-719,-697,-696,-5173,-5057,-29973,-5510]} 1.
e4 e5 2. Nf3 Nc6 3. Bb5 a6 4. Ba4 d6 5. O-O Bd7 6. c3 g6 7. d4 Bg7 8. Re1 Nf6
$1 {[%mdl 4] is more profitable than 8...Nge7 at the moment.} 9. Bxc6 {C79:
Ruy Lopez: Steinitz-type lines with 3...a6 4 Ba4 Nf6 5 0-0 d6.} Bxc6 10. dxe5
Nxe4 11. exd6 {The position is equal.} O-O 12. dxc7 Qxc7 13. Be3 Rfe8 14. Nbd2
{[#]} Rad8 $146 ({Predecessor:} 14... Nxd2 15. Nxd2 Rad8 16. Qc2 Qd7 17. Rad1
Qd5 18. Nf3 Qxa2 19. Rxd8 Rxd8 20. Nd4 Bd5 {1-0 (38) Vachier Lagrave,M (2788)
-Caruana,F (2795) Chess.com INT 2016}) 15. Nd4 Bd5 16. Nxe4 Rxe4 17. Qd2 Rg4
18. g3 Re4 19. Bh6 Bxd4 20. cxd4 Rde8 21. Rxe4 Rxe4 22. Rc1 Qd8 {[#]} 23. Qa5
$1 Re8 24. Qxd8 Rxd8 $14 {[%mdl 4096] Endgame KRB-KRB} 25. Rc7 Bc6 26. g4 f5
27. gxf5 {Rg7+ is the strong threat.} Rxd4 {[%cal Rd4d1]} 28. h3 {Strongly
threatening Rg7+.} (28. f3 {feels hotter.} Rh4 29. Rc8+ Kf7 30. Bg5 Rh5 31. f4)
28... Rd7 (28... Rh4 {with more complications.} 29. Rc8+ Kf7 30. Rf8+ Ke7 31.
Bg5+ Kxf8 32. Bxh4 gxf5 33. Kh2 Kf7) 29. Rc8+ Kf7 30. Rf8+ Ke7 31. fxg6 $2 {
[%mdl 8192] Loses the game.} (31. Kh2 $11) 31... Rd1+ $19 32. Kh2 Rh1+ 33. Kg3
Rg1+ 34. Kh4 Rxg6 35. Kh5 {[#]} (35. Bg7 $142) 35... Rxh6+ $1 {[%mdl 576]
Remove Defender} 36. Kxh6 Kxf8 37. Kxh7 Kf7 38. h4 Bf3 {Weighted Error Value:
White=0.96/Black=0.07} 0-1

[Event "Aimchess US Rapid Prelims 2021"]
[Site "Chess24"]
[Date "2021.08.25"]
[Round "11.5"]
[White "Vidit, Santosh Gujrathi"]
[Black "Mamedyarov, Shakhriyar"]
[Result "1/2-1/2"]
[WhiteElo "2726"]
[BlackElo "2782"]
[Annotator "TA"]
[PlyCount "102"]
[EventDate "2021.08.28"]
[EventType "tourn"]
[EventCountry "NET"]
[Tiebreak "Direct encounter+Number of wins+Koya"]
[SourceTitle "playchess.com"]
[Source "ChessBase"]
[SourceQuality "1"]

{[%evp 9,102,6,8,-6,6,4,1,-22,-16,-20,-14,-22,10,18,19,20,26,25,39,30,37,36,76,
25,37,25,38,25,42,37,21,22,60,-8,-18,-27,0,-33,78,78,124,0,0,0,0,0,0,0,0,0,7,0,
81,85,137,145,145,0,65,66,216,213,200,0,0,-102,0,0,29,0,0,0,0,0,0,0,84,84,84,
84,116,116,116,116,116,116,116,140,140,0,140,0,140,0,140]} 1. d4 d5 2. c4 e6 3.
Nf3 a6 4. c5 b6 5. cxb6 c5 6. Nc3 {D30: Queen's Gambit Declined: Systems
without Nc3.} Nf6 7. e3 Nbd7 {[#]} 8. b3 $146 ({Predecessor:} 8. Na4 cxd4 9.
Qb3 Rb8 10. Nxd4 Bb7 11. Bd2 Ne4 12. Bb4 Nec5 13. Nxc5 Nxc5 14. Bxc5 Bxc5 15.
Bxa6 Bxa6 {1-0 (39) Saeed,I (2200)-Perunovic,M (2632) Dubai 2015}) 8... cxd4 9.
exd4 Qxb6 10. Bd3 Bd6 11. O-O O-O 12. Na4 Qb8 13. Bb2 Bb7 14. Rc1 Ne4 15. Qe2
h6 16. g3 (16. Ne5 $1 $16 {[%cal Re5d7]} Nxe5 17. dxe5 Bxe5 18. Bxe5 Qxe5 19.
Nc5) 16... Re8 17. Rfe1 Qa7 18. Rc2 Rac8 19. Rec1 Rxc2 20. Rxc2 Qa8 21. a3 (21.
Ne5 $14 Bxe5 22. dxe5) 21... Bc6 $11 22. Nc3 Nxc3 23. Bxc3 Bxa3 (23... Rb8 $15
{keeps the upper hand.}) 24. b4 $1 $16 Qb8 25. Bxa6 (25. Bd2 $1 $16 Rc8 26. Qe1
) 25... Ba4 $11 {[%cal Ra4c2]} 26. Ra2 Bxb4 {Threatens to win with ...Bb3.} 27.
Rb2 Bxc3 28. Rxb8 Rxb8 29. Bd3 Rb2 30. Qe3 Nf6 (30... Bb4 $11) 31. Qc1 $1 $16 {
[%cal Rc1c3][%mdl 1024] White has strong compensation.} Rb3 ({Black should play
} 31... Ne4) 32. Bc2 $1 {[%cal Rc2b3]} Bb2 {[#]} 33. Qd1 ({Only move:} 33. Qf4
$1 $16 Rxf3 34. Qb8+ Be8 35. Qxb2) 33... Ra3 (33... Rc3 $11 34. Ne1 (34. Bxa4
Rc1 $17) 34... Bxc2 35. Nxc2 Ne4) 34. Kg2 $1 $14 ({Weaker is} 34. Bxa4 Ra1 $17)
34... Bxc2 (34... Ra1 $1 $14 35. Qe2 Be8) 35. Qxc2 $18 Bc3 {[#]} 36. Qb1 (36.
Qc1 $1 $18 {[%cal Rc1a3]} Rb3 37. Nd2 Bxd2 38. Qc8+ Kh7 39. Qc2+ {[%mdl 64]
Double Attack} g6 40. Qxb3) 36... Ne4 $11 37. h4 (37. Ne5 $11 Bxd4 38. Qb8+ Kh7
39. Nd7) 37... Ra1 ({Better is} 37... Ra4 $17 {And now ...Rb4 would win.} 38.
Kh3 Nxf2+ 39. Kg2 Ne4) 38. Qb3 Ra8 39. h5 Kh7 40. Qb7 Ra2 41. Qxf7 Rxf2+ 42.
Kg1 Rxf3 43. Qxf3 $16 {Strongly threatening Qe3.} Bxd4+ 44. Kg2 Bf6 45. Qg4 Ng5
46. Qa4 e5 47. Qe8 e4 48. Qg6+ Kh8 49. Qe8+ Kh7 50. Qg6+ Kh8 51. Qe8+ Kh7 {
Weighted Error Value: White=0.28/Black=0.26} 1/2-1/2

[Event "Aimchess US Rapid Prelims 2021"]
[Site "Chess24"]
[Date "2021.08.25"]
[Round "11.6"]
[White "Le, Quang Liem"]
[Black "Dominguez Perez, Leinier"]
[Result "0-1"]
[WhiteElo "2709"]
[BlackElo "2758"]
[Annotator "TA"]
[PlyCount "124"]
[EventDate "2021.08.28"]
[EventType "tourn"]
[EventCountry "NET"]
[Tiebreak "Direct encounter+Number of wins+Koya"]
[SourceTitle "playchess.com"]
[Source "ChessBase"]
[SourceQuality "1"]

{[%evp 15,124,13,14,13,10,11,12,10,20,23,27,25,22,17,14,12,25,12,10,12,20,9,25,
8,45,46,46,45,38,40,31,14,20,20,16,17,28,30,110,36,38,20,35,20,16,0,34,0,0,0,1,
4,5,5,5,6,9,0,2,0,29,29,65,63,66,66,65,62,63,63,63,63,63,70,70,-8,-8,-8,-8,-8,
0,0,0,0,0,0,0,0,0,0,0,0,0,0,0,0,0,0,0,-29976,-29978,-29978,-29979,-29979,
-29980,-29980,-29981,-29981,-29982,-29982,-29983]} 1. d4 d5 2. c4 dxc4 3. Nf3
Nf6 4. e3 e6 5. Bxc4 c5 6. O-O Nc6 7. dxc5 Qxd1 8. Rxd1 Bxc5 9. a3 {D26:
Queen's Gambit Accepted: 4 e3 e6 5 Bxc5 c5 sidelines.} O-O 10. b4 Be7 11. Bb2 {
The position is equal.} Bd7 12. Nbd2 Rfd8 13. Rac1 Be8 {[#]} 14. Kf1 $146 ({
Predecessor:} 14. Nb3 b6 15. h3 Rxd1+ 16. Rxd1 Rd8 17. Rxd8 Bxd8 18. b5 Nb8 19.
Be5 Nbd7 20. Bh2 {1-0 (30) Varga,C (2089)-Fodor,I (2137) Budapest 2002}) 14...
Rac8 15. Be2 Nb8 16. Rxc8 Rxc8 17. Nc4 Nd5 18. Nd4 Ba4 19. Rc1 Be8 20. g3 b5
21. Na5 Rxc1+ 22. Bxc1 a6 23. e4 Nc3 24. Bd3 Bf6 25. Nab3 e5 26. Nf5 Bc6 (26...
Na4 $11) 27. f3 (27. Nc5 $16) 27... Na4 $14 28. Ke2 Kf8 29. h4 Bd8 30. Be3 Nd7
(30... g6 $5 {[%cal Rg6f5]} 31. Bh6+ Ke8 $11) 31. Na5 Bxa5 32. bxa5 Nb2 33. Bd2
Nxd3 34. Kxd3 $11 {[%mdl 4096] Endgame Black must now prevent Bb4+. KBN-KBN} f6
35. Bb4+ Kf7 36. Ke3 g6 37. Nd6+ Ke6 38. f4 exf4+ 39. gxf4 f5 40. e5 $1 h6 41.
Kd4 g5 42. Ne8 {Threatens to win with Nc7+.} Nxe5 $1 43. Nc7+ {[%mdl 64] [#]
Double Attack} Kd7 44. Kxe5 gxh4 45. Be1 h3 46. Bg3 Kxc7 47. Kxf5 {KB-KB} Bd7+
48. Kg6 Kd6 49. f5+ Kc5 50. f6 {And now f7 would win.} Be6 51. f7 (51. Kxh6 {
is more complex.} Kc4 52. Kg7 Kb3 53. Bd6 Ka4 54. Kg6) 51... Bxf7+ 52. Kxf7 {
KB-KP} Kc4 {...Kb3 is the strong threat.} 53. Kg6 Kb3 54. Bd6 ({Avoid the trap
} 54. Kxh6 $2 Kxa3 55. Kh5 b4 $19) 54... Ka4 55. Kxh6 Kxa5 {aiming for ...Ka4.
KB-K3P} 56. Kg5 Ka4 {Hoping for ...h2!} 57. Kg4 $2 {[%mdl 8192] [#]} (57. Kf5
$11) 57... h2 $1 {[%cal Rh2h1] Black mates.} 58. Bxh2 Kxa3 59. Kf3 b4 {[%cal
Bb5b4,Bb4b3][%mdl 32]} 60. Bd6 a5 61. Ke2 Ka2 62. Kd2 b3 {Weighted Error Value:
White=0.21/Black=0.06} 0-1

[Event "Aimchess US Rapid Prelims 2021"]
[Site "Chess24"]
[Date "2021.08.25"]
[Round "11.7"]
[White "Firouzja, Alireza"]
[Black "Vachier-Lagrave, Maxime"]
[Result "1-0"]
[WhiteElo "2759"]
[BlackElo "2751"]
[Annotator "TA"]
[PlyCount "63"]
[EventDate "2021.08.28"]
[EventType "tourn"]
[EventCountry "NET"]
[Tiebreak "Direct encounter+Number of wins+Koya"]
[SourceTitle "playchess.com"]
[Source "ChessBase"]
[SourceQuality "1"]

{[%evp 9,63,5,0,-8,-5,-16,-24,-26,0,0,0,0,14,0,64,52,69,0,0,16,2,-80,136,137,
139,141,129,147,133,133,139,137,135,137,141,149,127,102,170,206,304,286,308,
275,347,348,375,383,429,430,430,424,464,464,450,447]} 1. d4 Nf6 2. c4 g6 3. Nc3
d5 4. Nf3 Bg7 5. h4 dxc4 6. e4 {D90: Grünfeld: 4 Nf3 Bg7 sidelines.} c5 7. d5
b5 8. h5 {Black has an edge.} Nxh5 9. Nxb5 O-O 10. Bxc4 Bg4 11. Qc2 Na6 {[#]} (
11... a6 $11 12. Nc3 Bxf3 13. gxf3 Qd6) 12. Be3 $5 $146 {[%mdl 8] New and
interesting.} ({Predecessor:} 12. Kf1 Nc7 13. Nc3 e6 14. Bg5 Qd7 15. Rd1 exd5
16. Nxd5 Nxd5 17. Rxd5 Qb7 18. Rxc5 {1/2-1/2 (24) Rozum,I (2606)-Svidler,P 
(2755) Sochi 2017}) 12... Rb8 {[#] Threatens to win with ...Rxb5!} 13. Qd2 ({
White should try} 13. Nc3 $14) 13... Nc7 $11 14. Nc3 Ne8 15. Bh6 (15. Bd3 $11)
15... Rxb2 $2 16. Qxb2 $16 Bxh6 17. Ne5 $36 {[%mdl 2048] White is on the roll.}
Bd7 18. Be2 Bg7 19. Nxd7 Qxd7 20. Bxh5 gxh5 21. Rc1 ({But not} 21. Rxh5 $6 Qg4
$11) 21... Qg4 22. Qe2 Qg5 23. Qe3 Qxe3+ (23... Qxg2 $16 {was necessary.} 24.
Ke2 (24. Rxh5 Nd6 $16) 24... Qg4+ 25. f3 Qg2+ 26. Qf2 Qg6) 24. fxe3 $18 Be5 (
24... Nd6 {keeps fighting.} 25. Rxh5 Rd8) 25. Rxh5 f6 {and the idea ...Nd6
leaves Black hopeful.} 26. Na4 Nd6 27. Nxc5 Rc8 {Black hopes to continue with .
..Bb2.} 28. Kd1 Bb2 29. Rc2 {White is clearly winning.} Ba3 30. Ne6 Rxc2 31.
Kxc2 Nxe4 32. Rh4 {Weighted Error Value: White=0.13/Black=0.29} 1-0

[Event "Aimchess US Rapid Prelims 2021"]
[Site "Chess24"]
[Date "2021.08.25"]
[Round "11.8"]
[White "Naroditsky, Daniel"]
[Black "Hansen, Eric"]
[Result "1/2-1/2"]
[WhiteElo "2623"]
[BlackElo "2606"]
[Annotator "TA"]
[PlyCount "92"]
[EventDate "2021.08.28"]
[EventType "tourn"]
[EventCountry "NET"]
[Tiebreak "Direct encounter+Number of wins+Koya"]
[SourceTitle "playchess.com"]
[Source "ChessBase"]
[SourceQuality "1"]

{[%evp 9,92,-31,-6,-40,-36,-31,-40,-39,8,7,8,9,20,0,8,0,0,0,0,0,-16,-116,-29,
-49,-43,-37,0,0,0,0,0,0,0,0,0,0,6,0,0,0,0,0,27,20,151,127,117,64,89,83,83,83,
83,90,102,52,56,52,52,44,44,44,44,33,26,26,44,44,44,44,44,37,37,37,44,29,33,28,
33,0,33,0,33,0,33]} 1. e4 e5 2. Nf3 Nc6 3. Nc3 Nf6 4. d4 exd4 5. Nd5 Be7 6. Bd3
{C47: Scotch Four Knights and Four Knights with 4 g3.} O-O 7. O-O d6 8. h3 {
Black is slightly better.} Nxd5 9. exd5 Ne5 {[%cal Bc6e5,Be5c4,Bc4b6,Bb6d5]
[%mdl 32]} 10. Nxd4 {[#]} Bf6 $146 ({Predecessor:} 10... Nxd3 11. Qxd3 Bf6 12.
c3 Bd7 13. Bf4 Re8 14. Rad1 Be5 15. Bc1 Qf6 16. Ne2 Bf5 {0-1 (34) Den Heeten,
D-Beekhuis,M Nijmegen 2001}) 11. Be4 Re8 12. c3 Bd7 13. Qc2 g6 14. f4 Nc4 15.
b3 {[#]} (15. f5 $11 {keeps the balance.} Bg7 16. b3) 15... Qe7 $1 16. Re1
Bxd4+ 17. cxd4 Nb6 18. Bd2 Qf6 19. Qc3 Rxe4 20. Rxe4 Nxd5 21. Qf3 Bc6 22. Rae1
Qf5 23. g4 Qd7 {Strongly threatening ...Nf6.} 24. Qf2 f5 25. Re6 $36 {[%mdl
2048] Black is under pressure.} Qf7 26. Qh4 Re8 (26... Qf8 $11 {remains equal.}
) 27. gxf5 gxf5 28. Qg5+ (28. Rxe8+ $16 Bxe8 29. Qd8) 28... Kf8 29. Qh6+ Kg8
30. Rxe8+ Bxe8 31. Kh2 Kh8 32. Qg5 {Threatens to win with Qd8.} Bc6 33. Rg1 Qf8
34. Be1 (34. Qg3 {is more complex.} Qf7 35. Qg2 Bd7 36. Qg5 Qf8 37. a4) 34...
h6 35. Qh4 (35. Qh5 {is interesting.} Be8 36. Qf3 Bf7 37. Qd3 Qe7 38. Bf2)
35... Kh7 36. Bf2 (36. Bd2 {is interesting.} a6 37. Qf2 Qf7 38. Be1 Bd7 39. Qf3
) 36... Qf7 37. Qg3 a6 38. Be1 Bb5 39. Bc3 Bc6 40. Bb2 Bb5 41. Re1 Bc6 42. a4 (
42. Bc3 {feels hotter.} Qf6 43. Ba5 Bd7 44. Rg1 Qf7 45. Qf3) 42... Bd7 43. Rg1
Bc6 44. Re1 Bd7 45. Rg1 Bc6 46. Re1 Bd7 {Weighted Error Value: White=0.14/
Black=0.15} 1/2-1/2